Tilastot visalle Qatar-visa

Klikkaa tästä pelataksesi tätä visaa!

Yleistilastot

  • Tätä visaa on pelattu 43 kertaa
  • Keskiarvotulos 11 / 18

Vastaustilastot

VihjeVastaus% Oikein
Ainoa naapurimaaSaudi-Arabia
94%
Virallinen kieliArabia
86%
Tärkein vientituoteÖljy | Maakaasu
86%
PääkaupunkiDoha
81%
Suutapahtuma, jonka Qatar järjestää 2022Jalkapallon MM-kilpailut
75%
Qatarissa on Luxemburgin ja Singaporen jälkeen korkein _____ asukasta kohdenBKT
72%
Yli kaksi kertaa suurempi osuus Qatarin väestöstä on kotoisin tästä maasta kuin QataristaIntia
69%
Merenlahti, jonka rannalla Qatar sijaitseePersianlahti
67%
Valtio, josta Qatar itsenäistyi 1971Yhdistynyt kuningaskunta
64%
Valtio, jolla on samankaltainen lippu kuin QatarillaBahrain
61%
Lakijärjestelmä, joka muodostaa Qatarin lain pohjanŠaria
58%
Qatarin hallitsijan arvonimiEmiiri
56%
Vaikutusvaltainen uutiskanavaAl Jazeera
50%
ValuuttaRial
44%
Qatarin kansalliseläin eli valkobeisa on eräänlainen...Antilooppi
39%
Ennen 1920-lukua Qatarin talous koostui lähinnä tästä merellisestä tuotteestaHelmi
39%
Vuoteen 2013 asti Qataria hallinnut henkilö, jonka mukaan maan suurin lentoasema on nimettyHamad ibn Khalifa al-Thani
31%
Perinteinen kirjaimella D alkava purjealusDhow
25%

Tulosjakauma

Persentiili vastausten määrän mukaan

Jokaisen tuloksen saaneiden osuus

Tuloshistoriasi

Et ole pelannut tätä visaa